01066 2200205 4500001002100000005001500021035002000036008004100056245005800097100002100155250000600176260003800182300001200220084001400232082000800246650001000254520057200264990001200836990001200848INLIS00000000000083520240611073607 a0010-0524000070240611 1 ind 1 aA Family Battle Sipil Atau Militer /cJainar Berliana aBerliana, Jainar a1 aYogyakarta :bSheila/ Andi,c2010 a282 hlm a813 JAI a a813 4aFiksi aDikotomi sipil dan militer ternyata tak hanya jadi monopoli dalam kancah politik. Budi Santoso yang pensiunan tentara, hanya ingin menjodohkan putrinya, Gadis, dengan pemuda militer (berkarier sebagai tentara). Setiap pemuda sipil yang berusaha mendekati putrinya langsung ditolak mentah-mentah. Gadis pun mati-matian menolak cowok militer yang selalu diajukan bapaknya. Tentara, di mata Gadis sama saja seperti ayahnya, kaku, otoriter, dan tidak gaul. Perseteruan bapak dan putrinya dalam soal menentukan jodoh semakin tajam, tak ada yang bisa mendamaikan keduanya. a0741270 a0741271